000
nam a22 7a 4500
999
_c
55972
_d
55972
003
OSt
005
20221107155137.0
008
221107b xxu||||| |||| 00| 0 eng d
040
_c
IIMT ENGINEERING COLLEGE
100
_a
Poonia M.P.
245
_a
Basic Mechanical Engineering
260
_c
7/11/22 Khanna Pub.
300
_a
776
942
_2
ddc
_c
01